00424cam a2200169 a 45000010009000000050017000090080041000260100031000670200030000980400013001280410008001410800011001490820011001601000007001711010008001782450068001861538510320180227080431.0080728s2009 enka 001 0 eng  a 2008934074z 2008926976 a9781429218139 (hardcover) aDLCcDLC aeng a54 PET a54 PET1 a12 aKIM10aElements of physical chemistry /cPeter Atkins, Julio de Paula.